|
|
|
|
| LEADER |
00000naa2a2200000 4500 |
| 001 |
462195 |
| 005 |
20231101085701.0 |
| 035 |
|
|
|a (RuTPU)RU\TPU\prd\126265
|
| 090 |
|
|
|a 462195
|
| 100 |
|
|
|a 20111130a1999 k y0rusy50 ca
|
| 101 |
0 |
|
|a rus
|
| 102 |
|
|
|a RU
|
| 200 |
1 |
|
|a Экспериментальная оценка типа разрушения и характеристик трещиностойкости поликристаллов оптико-телевизионным методом на мезоуровне при циклическом нагружении
|f В. С. Плешанов, В. В. Кибиткин, В. Е. Панин
|
| 320 |
|
|
|a Библиогр.: 19 назв.
|
| 330 |
|
|
|a Изложен подход к определению типа трещины (I и II) путем измерения и анализа полей векторов смещений в окрестности усталостной трещины на мезомасштабном уровне. Для трещины нормального отрыва показана возможность экспериментальной оценки деформационной и силовой характеристик вязкости разрушения оптико-телевизионным методом
|
| 461 |
|
1 |
|0 (RuTPU)RU\TPU\prd\353
|x 1683-805X
|t Физическая мезомеханика
|f Институт физики прочности и материаловедения ; Российская академия наук (РАН), Сибирское отделение (СО), Институт физики прочности и материаловедения (ИФПМ)
|d 1998-
|
| 463 |
|
1 |
|0 (RuTPU)RU\TPU\prd\111808
|t Т. 2, № 4
|v С. 87-90
|d 1999
|
| 610 |
1 |
|
|a труды учёных ТПУ
|
| 700 |
|
1 |
|a Плешанов
|b В. С.
|
| 701 |
|
1 |
|a Кибиткин
|b В. В.
|
| 701 |
|
1 |
|a Панин
|b В. Е.
|c специалист в области физики и механики деформируемого твердого тела, физического материаловедения
|c доктор физико-математических наук, профессор Томского политехнического университета
|c зав. кафедрой материаловедения в машиностроении
|c директор Российского материаловедческого центра
|c научный руководитель института физики прочности и материаловедения СО РАН
|f 1930-
|g Виктор Евгеньевич
|2 stltpush
|3 (RuTPU)RU\TPU\pers\12102
|
| 801 |
|
1 |
|a RU
|b 63413507
|c 20111130
|
| 942 |
|
|
|c BK
|